000 00327 a2200157 4500
001 58227
020 _a8522003696
040 _cAnchieta - Pituba
100 _aAthayde, Roberto
240 1 0 _aCarlota rainha
_lpor
245 1 0 _aCarlota rainha
300 _a179
362 0 _a1994
650 4 _aDrama brasileiro
942 _cBK
999 _c58227
_d58227